000 00790nam a2200301Ia 4500
008 171120s9999 xx 000 0 und d
020 _a9.7814516121e+012
050 _a362.73
050 _bD262 2011
100 _aDavis, Katie
245 _aKisses from Katie :
245 _ba story of relentless love and redeption /
245 _cby Katie Davis and Beth Clark.
260 _aNew York :
260 _bHoward Books,
260 _c2011
300 _axxi, 280 pages :
300 _billustrations (some colored) ;
300 _c21cm.
650 _aDavis, Katie --
650 _aOrphans --
650 _aOrphans --
650 _x1988-
650 _xServices for -- Udanda.
650 _xUganda -- Social conditions.
700 _aClark, Beth.
700 _aTitle.
999 _c345465
_d345465